The Manhattan nobody knows : (Record no. 127078)

MARC details
000 -LEADER
campo de control de longitud fija 02515nam a22002417a 4500
003 - IDENTIFICADOR DE NÚMERO DE CONTROL
campo de control BJBSDDR
005 - FECHA Y HORA DE LA ÚLTIMA TRANSACCIÓN
campo de control 20260513130413.0
007 - CAMPO FIJO DE DESCRIPCIÓN FÍSICA--INFORMACIÓN GENERAL
campo de control de longitud fija ta
008 - DATOS DE LONGITUD FIJA--INFORMACIÓN GENERAL
campo de control de longitud fija 260513s2018 nyu||||| |||| 00| 0 eng d
020 ## - NÚMERO INTERNACIONAL ESTÁNDAR DEL LIBRO
Número Internacional Estándar del Libro 9780691166995
020 ## - NÚMERO INTERNACIONAL ESTÁNDAR DEL LIBRO
Número Internacional Estándar del Libro 0691166994
040 ## - FUENTE DE CATALOGACIÓN
Lengua de catalogación spa
Centro/agencia transcriptor BJBSDDR
041 ## - CÓDIGO DE IDIOMA
Código de lengua del texto/banda sonora o título independiente eng
050 ## - SIGNATURA TOPOGRÁFICA DE LA BIBLIOTECA DEL CONGRESO
Número de ítem H481 2018
100 1# - ENTRADA PRINCIPAL--NOMBRE DE PERSONA
Nombre de persona Helmreich, William B
9 (RLIN) 48419
245 14 - MENCIÓN DEL TÍTULO
Título The Manhattan nobody knows :
Resto del título an urban walking guide /
Mención de responsabilidad, etc. William B. Helmreich
260 ## - PUBLICACIÓN, DISTRIBUCIÓN, ETC.
Lugar de publicación, distribución, etc. New York :
Nombre del editor, distribuidor, etc. Princeton University Press,
Fecha de publicación, distribución, etc. 2018
300 ## - DESCRIPCIÓN FÍSICA
Extensión xxii, 354 pages :
Otras características físicas illustrations ;
Dimensiones 21 cm
505 ## - NOTA DE CONTENIDO CON FORMATO
Nota de contenido con formato Marble Hill -- Inwood -- Washington Heights -- Hamilton Heights -- Manhattanville -- Morningside Heights -- Central Harlem -- East Harlem -- Upper West Side -- Upper East Side -- Central Park -- Roosevelt Island -- Clinton (Hell's Kitchen) -- Chelsea -- Central Midtown -- Midtown East -- West Village -- Greenwich Village -- East Village -- Lower East Side -- Soho -- Hudson Square.
520 ## - RESUMEN, ETC.
Sumario, etc. a Bill Helmreich walked every block of New York City -- six-thousand miles in all -- to write the award-winning The New York Nobody Knows. Now he has re-walked most of Manhattan -- 721 miles -- to write this new, one-of-a-kind walking guide to the heart of one of the world's greatest cities. Drawing on hundreds of conversations he had with residents during his block-by-block journey, The Manhattan Nobody Knows captures the unique magic and excitement of the island and highlights hundreds of facts, places, and points of interest that you won't find in any other guide. The guide covers every one of Manhattan's thirty-one distinct neighborhoods, from Marble Hill to the Financial District, providing a colorful portrait of each area's most interesting, unusual, and unfamiliar people, places, and things. Along the way you'll be introduced to an elderly Inwood man who lives in a cave; a Greenwich Village townhouse where Weathermen terrorists set up a bomb factory; a Harlem apartment building whose residents included W.E.B. DuBois and Thurgood Marshall; a tiny community garden attached to the Lincoln Tunnel; a Washington Heights pizza joint that sells some of the biggest slices in town; the story behind the "Birdman" of Washington Square Park; and much, much more. An unforgettably vivid chronicle of today's Manhattan, the book can also be enjoyed without ever leaving home -- but it's almost guaranteed to inspire you to get out and explore this fascinating metropolis
942 ## - ELEMENTOS DE ENTRADA SECUNDARIOS (KOHA)
Fuente del sistema de clasificación o colocación Clasificación de Library of Congress
Suprimir en OPAC No
Tipo de ítem Koha Libro
946 ## - PROCESAMIENTO DE INFORMACIÓN LOCAL (OCLC)
Iniciales del agente catalogador cmc
Holdings
Estatus retirado Estado de pérdida Fuente del sistema de clasificación o colocación Estado de daño No para préstamo Colección Biblioteca de origen Biblioteca actual Ubicación en estantería Fecha de adquisición Signatura topográfica completa Código de barras Visto por última vez Copia número Tipo de ítem Koha
    Clasificación de Library of Congress     Automatización y Procesos Técnicos Biblioteca Juan Bosch Biblioteca Juan Bosch Automatización y Procesos Técnicos (1er. Piso) 13/05/2026 H481 2018 00000199792 13/05/2026 1 Libro